000 00664nam a22001937a 4500
005 20150323153320.0
010 _aENG-112425
020 _a9788120349421
_c295.00
035 _aEN-95957
037 _bDBAD/PUB
082 _a671.37
100 _aDatta, Bidyut Kanti
245 _aPowder metallurgy :
_ban advanced techinque of processing engineering materials /
_cby Bidyut Kanti datta
260 _aDelhi
_bPHI Learning
_c2014
270 _aRimjhim House, 111, Patparganj Industrial Estate
_bDelhi
_e110092
300 _axii,219p. :
_c24cm(Hb)
_bill.
500 _aIncludes bibliographical references and index
942 _2ddc
_cEN
_mDAT
_h671.37
999 _c91704
_d91704